000 01415cam a2200241 4500
001 ##L134932
008 060911n2006 000 0 eng u
035 _a(Sirsi) u134932
041 0 _aeng
050 0 4 _a711.1 $2 18
100 1 _aBurchell, Kevin
245 0 0 _aSustainable construction
_bpolicy, planning and implementation
260 _aLondon
_bLSE
_c2006
300 _a61p.
_c30cm.
505 0 _aSustainable construction: the problems and the opportunity -- The Mayor of London's initiatives on sustainable construction -- Local planning authorities and sustainable construction: discussing knowledge, using checklists -- Ecological footprinting and policy development: using the REAP tool -- The European perspective: best practice from Brussels? -- A view from the construction industry: time to reframe sustainable construction? -- Sustainable construction: when the going gets tough -- Sustainable construction: policy, planning and implementation, the UK view -- Promoting sustainable buildings: sustainable design and construction -- The way forward
520 _aReport from a conference held at the London School of Economics, 15 July 2006
590 _aIKA031006
651 4 _aUnited Kingdom
_y
690 _aBUILT ENVIRONMENT-SUSTAINABLE CONSTRUCTION
700 1 _aRydin, Yvonne
710 2 _aThe London School of Economics
_bCentre for Environmental Policy and Governance
942 _n0
999 _c105850
_d105850